000 00479nam a2200205Ia 4500
008 240510s9999 xx 000 0 und d
020 _a812031655X
041 _aEng
082 _a004.22
082 _bM82
100 _aMUELLER S.
245 0 _aUPGRADING AND REPAIRING PC'S
250 _a10th ed.
260 _bNEWDELHI : PRINTICE HALL
260 _c1998
300 _a1531 p.
650 _aCOMPUTER HARDWARE : COMPUTER ARCHITECTURE
942 _2ddc
942 _cRBK
999 _c26744
_d26744
945 _a1
_bMadushi Gamage
_c1
_dMadushi Gamage